写给懒人的神奇化学书:既长知识又省时省力的生活秘笈 (Record no. 322583)

000 -LEADER
fixed length control field 00435 a2200157 4500
020 ## - ISBN
ISBN 9789861367187
082 ## - 索书号 Call Number
分类号Classification number 466.5
作者号 Author number 4630
100 ## - 作者
作者 李光烈 著;
245 ## - 书名 TITLE
书名Title 写给懒人的神奇化学书:既长知识又省时省力的生活秘笈
250 ## - 版本 EDITION STATEMENT
版本叙述 Edition statement 初版;平装
260 ## - 出版项PUBLICATION, DISTRIBUTION, ETC. (IMPRINT)
出版社 Name of publisher 如何出版社有限公司
出版日期 Date of publication 2024
出版地 Place of publication 台北市
300 ## - 稽核项 PHYSICAL DESCRIPTION
页数 Number of Pages 280页
尺寸 Dimensions 21公分
500 ## - 一般附注 GENERAL NOTE
附注 General note
700 ## - ADDED ENTRY--PERSONAL NAME
第二作者 / 译者 / 绘者 杨嬿霓 译
942 ## - ADDED ENTRY ELEMENTS (KOHA)
Koha item type Books
Holdings
Source of classification or shelving scheme Not for loan Permanent Location Current Location Shelving location Date acquired Source of acquisition Cost, normal purchase price Full call number Barcode Cost, replacement price Koha item type
    LIBRARY CHUNG HWA HIGH SCHOOL MUAR LIBRARY CHUNG HWA HIGH SCHOOL MUAR 4 应用科学(二楼 E~F) 2026-02-06 68.20 466.5 4630 050203 136.40 Books

Powered by Koha